00576 2200205 4500001002100000005001500021035002000036007000300056008004100059020001400100082001000114084001800124100001600142245008200158250001200240260005200252300003000304600001500334856002100349INLIS00000000000651020211013095948 a0010-1021000143ta211013 0  a0216-0901 a611.6 aR 611.6 FIK b0 aFikri Jufri1 aBatu Saluran kemih pada Anak di Rumah Sakit Dr. Pirngadi Medan /cFikri Jufri aNomor 9 aJakarta :bJurnal Kedokteran dan Farmasi,c1989 a83 hlm :bIlus ;c27.5 cm 4aKedokteran aJurnal Kesehatan